Компьютерное моделирование и конструирование наполненных композиций

Detaylı Bibliyografya
Kurumsal yazarlar: Российская академия наук (РАН) Сибирское отделение (СО) Институт физики прочности и материаловедения (ИФПМ), Томский государственный университет систем управления и радиоэлектроники (ТУСУР)
Diğer Yazarlar: Зелепугин С. А. (редактор)
Özet:В монографии представлены результаты теоретических и экспериментальных исследований деформационно-прочностных и теплофизических свойств композиционных материалов, рассматриваемых как многоуровневые системы, а также надежности кон­струкций, изготовленных из полимерных композитов, в зависимости от условий и време­ни эксплуатации. Экспериментально выявленные характерные закономерности поведения наполненных полимерных композитов под действием термосиловых нагрузок использо­ваны в качестве исходных данных для построения моделей и их верификации.Приведены примеры постановок и реализации задач компьютерного конструирова­ния материалов с заданными эффективными характеристиками, отличающие монографию от других изданий по близкой тематике.Книга предназначена для специалистов в области технической диагностики, мате­риаловедения, исследователей, научных работников и работников заводских лабораторий, аспирантов и студентов соответствующих специальностей.
Dil:Rusça
Baskı/Yayın Bilgisi: Новосибирск, Изд-во СО РАН, 2015
Konular:
Materyal Türü: MixedMaterials Kitap
KOHA link:https://koha.lib.tpu.ru/cgi-bin/koha/opac-detail.pl?biblionumber=315857

MARC

LEADER 00000nam0a2200000 4500
001 315857
005 20231102002823.0
010 |a 9785769214349 
035 |a (RuTPU)RU\TPU\book\341294 
090 |a 315857 
100 |a 20160311d2015 k y0rusy50 ca 
101 0 |a rus 
102 |a RU 
105 |a a z 001zy 
200 1 |a Компьютерное моделирование и конструирование наполненных композиций  |f Российская академия наук (РАН), Сибирское отделение (СО), Институт физики прочности и материаловедения (ИФПМ) ; Томский государственный университет систем управления и радиоэлектроники (ТУСУР) ; под ред. С. А. Зелепугина 
210 |a Новосибирск  |c Изд-во СО РАН  |d 2015 
215 |a 264 с.  |c ил. 
320 |a Библиография в конце разделов. 
330 |a В монографии представлены результаты теоретических и экспериментальных исследований деформационно-прочностных и теплофизических свойств композиционных материалов, рассматриваемых как многоуровневые системы, а также надежности кон­струкций, изготовленных из полимерных композитов, в зависимости от условий и време­ни эксплуатации. Экспериментально выявленные характерные закономерности поведения наполненных полимерных композитов под действием термосиловых нагрузок использо­ваны в качестве исходных данных для построения моделей и их верификации.Приведены примеры постановок и реализации задач компьютерного конструирова­ния материалов с заданными эффективными характеристиками, отличающие монографию от других изданий по близкой тематике.Книга предназначена для специалистов в области технической диагностики, мате­риаловедения, исследователей, научных работников и работников заводских лабораторий, аспирантов и студентов соответствующих специальностей. 
606 1 |a Композиционные материалы  |x Структурно-механические свойства  |2 stltpush  |3 (RuTPU)RU\TPU\subj\15041  |9 41339 
610 1 |a компьютерное моделирование 
610 1 |a компьютерное конструирование 
610 1 |a наполненные композиции 
610 1 |a деформационно-прочностные характеристики 
610 1 |a параметрические исследования 
610 1 |a теплофизические характеристики 
610 1 |a полимерные системы 
610 1 |a прочностный анализ 
610 1 |a структурные модели 
610 1 |a покрытия 
610 1 |a сверхвысокомолекулярный полиэтилен 
610 1 |a изделия 
610 1 |a надежность 
610 1 |a монографии 
675 |a 620.22-419.8:53  |v 4 
702 1 |a Зелепугин  |b С. А.  |4 340 
712 0 2 |a Российская академия наук (РАН)  |b Сибирское отделение (СО)  |b Институт физики прочности и материаловедения (ИФПМ)  |c (Томск)  |2 stltpush  |3 (RuTPU)RU\TPU\col\265 
712 0 2 |a Томский государственный университет систем управления и радиоэлектроники (ТУСУР)  |c (1997 - )  |2 stltpush  |3 (RuTPU)RU\TPU\col\422 
801 1 |a RU  |b 63413507  |c 20160311 
801 2 |a RU  |b 63413507  |c 20160609  |g RCR 
900 |a Материаловедение 
900 |a Материаловедение и технология композиционных материалов 
942 |c BK 
959 |a 30/20160311  |d 1  |e 960,00  |f ЧЗТЛ:1